Statistiques concernant Pays les plus au nord A-Z

Cliquez ici pour prendre le quiz!

Statistiques générales

  • Ce quiz a été pris 6,668 fois
    (6,557 depuis la dernière actualisation)
  • Le résultat moyen est 19 sur 24

Statistiques - réponses

Lettre Pays % Correct
CCanada
98%
FFinlande
98%
RRussie
97%
DDanemark
96%
SSuède
95%
NNorvège
94%
IIslande
92%
EEtats-Unis
88%
LLettonie
86%
JJapon
80%
KKazakhstan
79%
AAllemagne
78%
QQatar
77%
PPologne
76%
MMongolie
76%
ZZambie
76%
BBiélorussie
75%
HHongrie
75%
YYémen
75%
GGéorgie
68%
OOuzbékistan
62%
UUkraine
58%
VVatican
58%
TTurkménistan
54%

Distribution des résultats

Percentile par nombre de réponses

% des personnes avec chaque résultat

Votre développement - résultats

Vous n’avez pas pris ce quiz depuis la dernière actualisation